Schnelles Mathe-Quiz, nur ein kurzes Quiz 8 - Statistiken

Allgemein
  • Dieses Quiz wurde 239 mal gespielt
  • Das Durchschnittsergebnis liegt bei 15 aus 15
Antwortstatistiken
Hint Antwort % Korrekt
1 x 5 = 5
100%
3 x 5 = 15
99%
5 x 5 = 25
99%
2 x 5 = 10
98%
4 x 5 = 20
98%
10 x 5 = 50
98%
15 x 5 = 75
98%
6 x 5 = 30
97%
11 x 5 = 55
97%
7 x 5 = 35
96%
9 x 5 = 45
96%
12 x 5 = 60
96%
14 x 5 = 70
96%
8 x 5 = 40
95%
13 x 5 = 65
94%
Keine übereinstimmenden Quizze gefunden
Verteilung der Resultate
Anzahl Personen mit jedem Resultat
Perzentil nach korrekt beantworteten Fragen
Ihre Resultats-Entwicklung
Sie haben dieses Quiz noch nicht gespielt